[Event "BL 2018-19"]
[Site "Berlin"]
[Date "2019.03.03"]
[Round "11.31"]
[White "Hoffmeyer, Falk"]
[Black "Maiwald, Jens-Uwe"]
[Result "0-1"]
[WhiteElo "2337"]
[BlackElo "2443"]
[Annotator "TA"]
[PlyCount "80"]
[EventDate "2018.11.10"]
[EventType "team-tourn"]
[EventCountry "GER"]
[SourceTitle "playchess.com"]
[Source "ChessBase"]
[SourceQuality "1"]
[WhiteTeam "Zugzwang Muenchen"]
[BlackTeam "Dresden"]

{[%evp 13,80,20,27,23,26,35,16,14,24,26,12,12,30,24,31,32,36,30,27,16,56,37,55,49,98,47,92,35,39,41,39,0,0,0,0,0,0,-46,-38,-31,-36,-141,-66,-49,-57,-66,3,0,0,8,4,0,3,-44,-44,-44,-51,-279,0,0,0,-281,-268,-279,-58,-257,-267,-850,-842]} 1. d4 g6 2. Nf3 Bg7 3. c4 d6 4. Nc3 Nf6 5. e3 O-O 6. Be2 c5 7. d5 e6 8. O-O {E61: King's Indian: Early deviations for White, including Smyslov System} exd5 9. cxd5 a6 (9... Na6 10. Nd2 Re8 11. e4 Rb8 12. a4 Nb4 13. f3 Nd7 14. Kh1 a6 15. a5 b5 16. axb6 Nxb6 {½-½ (43) Caruana,F (2816)-Vachier Lagrave,M (2789) Leuven 2018}) 10. a4 {The position is equal.} Bg4 11. h3 Bxf3 $1 12. Bxf3 Nbd7 13. Qc2 c4 14. Be2 Rc8 {[#]} 15. Rd1 $146 ({Predecessor:} 15. a5 Rc5 16. Qa4 Re8 17. Rd1 Ne4 18. Nxe4 Rxe4 {0-1 (28) Inarkiev,E (2690)-Dubov,D (2691) Satka 2018}) 15... Re8 16. Bd2 Qe7 17. a5 Rc5 18. Be1 Qd8 19. Qa4 (19. Na4 $1 $16 {[%cal Ra4c5]} Rc7 20. Rd4) 19... Ne4 20. Qb4 ({Don't blunder} 20. Bxc4 $2 Nxc3 21. Bxc3 Bxc3 $19) ({Better is} 20. Nxe4 $16 Rxe4 21. Rac1) 20... Nxc3 21. Bxc3 Bxc3 22. bxc3 (22. Qxc3 {is interesting.} Ne5 23. Rd4 Qc7 24. Kh2 Qe7 25. Ra4) 22... Qc7 23. Rd4 Rc8 24. e4 Ne5 25. Ra4 Rb5 26. Qa3 Qd8 27. f4 (27. Qa2 $15) 27... Nd3 (27... Rb1+ $17 28. Kh2 Qf6) 28. Bxd3 $15 cxd3 29. Rxd3 Rcc5 (29... Rb1+ $15 30. Kh2 Qh4) 30. c4 $36 {[%mdl 2048] White has good play.} Rb1+ 31. Kh2 Qf6 32. Rf3 {e5! is the strong threat.} Qd4 $1 {[%mdl 64] Double Attack} 33. Qd3 Qg1+ {[%mdl 1024] Black has compensation.} 34. Kg3 Qe1+ 35. Kh2 $2 ({White must play} 35. Rf2 $1 $15) 35... Qg1+ 36. Kg3 Qe1+ 37. Kh2 $1 {[#]} h5 $1 {[%cal Rh5h4] aiming for ...h4.} 38. Re3 Qg1+ ({Weaker is} 38... Qc1 39. Kg3 $15) 39. Kg3 {[#]} Rb2 $1 {( -> ...Qf2+)} 40. Re2 $2 (40. Kh4 Rxg2 41. Rg3) 40... Qf1 {Accuracy: White = 56%, Black = 61%.} 0-1

[Event "BL 2018-19"]
[Site "Berlin"]
[Date "2019.03.03"]
[Round "11.32"]
[White "Loxine, Jakov"]
[Black "Eichler, Christoph"]
[Result "1/2-1/2"]
[WhiteElo "2393"]
[BlackElo "2315"]
[Annotator "NA"]
[PlyCount "55"]
[EventDate "2018.11.10"]
[EventType "team-tourn"]
[EventCountry "GER"]
[SourceTitle "playchess.com"]
[Source "ChessBase"]
[SourceQuality "1"]
[WhiteTeam "Dresden"]
[BlackTeam "Zugzwang Muenchen"]
[TimeControl "40/6000+30:3000+30"]

1. c4 {[%emt 0:00:00]} e6 {[%emt 0:00:00]} 2. Nc3 {[%emt 0:00:00]} d5 {[%emt 0:00:00]} 3. cxd5 {[%emt 0:00:00]} exd5 {[%emt 0:00:00]} 4. d4 {[%emt 0:00:00]} c6 {[%emt 0:01:33]} 5. Bf4 {[%emt 0:00:00]} Bd6 {[%emt 0:01:55]} 6. Bxd6 {[%emt 0:00:04]} Qxd6 {[%emt 0:00:04]} 7. e3 {[%emt 0:00:05]} Nf6 {[%emt 0:02:06]} 8. Bd3 {[%emt 0:00:23]} O-O {[%emt 0:00:58]} 9. h3 {[%emt 0:05:30]} Be6 {[%emt 0:03:56]} 10. Nf3 {[%emt 0:00:42]} Nbd7 {[%emt 0:00:13]} 11. O-O {[%emt 0:00:58]} Rfc8 {[%emt 0:11:59]} 12. Rb1 {[%emt 0:05:20]} a5 {[%emt 0:04:52]} 13. Qc2 {[%emt 0:01:34]} h6 {[%emt 0:03:41]} 14. Rbc1 {[%emt 0:07:12]} b5 {[%emt 0:08:35]} 15. Ne2 {[%emt 0:06:04]} b4 {[%emt 0:12:29]} 16. Nf4 {[%emt 0:06:34]} c5 {[%emt 0:01:45]} 17. dxc5 {[%emt 0:01:14]} Nxc5 {[%emt 0:01:06]} 18. Nd4 {[%emt 0:02:41]} Bd7 {[%emt 0:04:31]} 19. Qd1 {[%emt 0:14:21]} a4 {[%emt 0:03:33]} 20. f3 {[%emt 0:12:30]} Re8 {[%emt 0:04:56]} 21. Qd2 {[%emt 0:02:17]} Qe7 {[%emt 0:14:01]} 22. Bb1 {[%emt 0:04:57]} Rac8 {[%emt 0:01:22]} 23. Rfe1 {[%emt 0:11:40]} g5 {[%emt 0:02:19]} 24. Nd3 {[%emt 0:00:48]} Nxd3 {[%emt 0:00:31]} 25. Bxd3 {[%emt 0:01:09]} Rxc1 {[%emt 0:00:33]} 26. Qxc1 {[%emt 0:00:08]} Rc8 {[%emt 0:00:11]} 27. Qd2 {[%emt 0:00:13]} Qc5 {[%emt 0:03:26]} 28. Kf2 {[%emt 0:03:22]} 1/2-1/2

[Event "BL 2018-19"]
[Site "Berlin"]
[Date "2019.03.09"]
[Round "12"]
[White "Tomashevsky, Evgeny"]
[Black "Jakubowski, Krzysztof"]
[Result "*"]
[WhiteElo "2705"]
[BlackElo "2510"]
[Annotator "TA"]
[PlyCount "65"]
[EventDate "2018.11.10"]
[EventType "team-tourn"]
[EventCountry "GER"]
[SourceTitle "playchess.com"]
[Source "ChessBase"]
[SourceQuality "1"]
[WhiteTeam "Hockenheim"]
[BlackTeam "SF Berlin"]

{[%evp 17,65,19,35,15,25,20,33,14,36,31,37,37,43,27,29,6,4,8,16,8,8,9,7,5,5,1,15,15,15,9,10,12,21,21,23,6,5,3,10,0,0,0,4,7,8,2,80,78,114,99]} 1. c4 e6 2. Nc3 d5 3. d4 Nf6 4. cxd5 exd5 5. Bg5 c6 6. e3 Nbd7 7. Bd3 Be7 8. Nf3 O-O 9. Qc2 Re8 10. Bf4 {D36: Queen's Gambit Declined: Exchange Variation: Main line (5 Bg5 c6 6 Qc2)} a5 11. h3 Nf8 12. O-O {White is slightly better.} Ng6 13. Bh2 Bd6 14. Bxd6 Qxd6 15. Rfe1 {[#]} Qe7 $146 ({Predecessor:} 15... Be6 16. a3 Re7 17. Rab1 Rae8 18. b4 axb4 19. axb4 {1-0 (46) Van Wely,L (2641)-Short,N (2696) Wijk aan Zee 2010}) 16. e4 dxe4 17. Nxe4 Nxe4 18. Bxe4 Be6 19. d5 cxd5 {[#]} 20. Bxd5 $1 {[%mdl 576] Pin} Qf6 (20... Bxd5 21. Rxe7) 21. Qa4 Re7 22. Bxe6 Rxe6 23. Rxe6 Qxe6 24. Re1 Qb6 25. b3 h6 26. Re8+ Rxe8 27. Qxe8+ Nf8 $1 28. Ne5 Qf6 29. Qb5 Qg5 30. g3 $36 {[%mdl 2048] White is more active.} Qf5 (30... Ng6 $5 31. Qe8+ $8 {[%mdl 64] Double Attack} Kh7 $11) 31. Qxa5 Ne6 (31... Qxh3 $11 {keeps the balance.} 32. Nc4 Qe6) 32. Nc4 Qf3 33. h4 {Accuracy: White = 56%, Black = 64%.} *

[Event "BL 2018-19"]
[Site "Berlin"]
[Date "2019.03.09"]
[Round "12"]
[White "Almasi, Zoltan"]
[Black "Kryvoruchko, Yuriy"]
[Result "1/2-1/2"]
[WhiteElo "2682"]
[BlackElo "2698"]
[Annotator "TA"]
[PlyCount "40"]
[EventDate "2018.11.10"]
[EventType "team-tourn"]
[EventCountry "GER"]
[SourceTitle "playchess.com"]
[Source "ChessBase"]
[SourceQuality "1"]
[WhiteTeam "Dresden"]
[BlackTeam "Viernheim"]

{[%evp 13,40,17,6,8,23,-15,8,-8,-13,-29,0,0,0,0,0,-9,0,-7,-1,-3,-2,-6,0,0,0,0,33,-8,0]} 1. e4 e5 2. Nf3 Nc6 3. Bb5 Nf6 {[%cal Bg8f6,Bf6d7,Bd7f8,Bf8e6,Be6d4][%mdl 32]} 4. d3 Bc5 5. Bxc6 dxc6 6. Nbd2 {C65: Ruy Lopez: Berlin Defence (3...Nf6), unusual lines and 4 0-0 Bc5} Nd7 (6... Be6 7. O-O Bd6 8. b3 Nd7 9. Nc4 Qe7 10. Bb2 Bxc4 11. bxc4 O-O 12. a4 a6 13. g3 Nc5 {0-1 (43) Robson,R (2667)-So,W (2765) chess.com INT 2019}) 7. Nc4 f6 {LiveBook: 9 Games} 8. O-O Nf8 $146 ({Predecessor:} 8... O-O 9. Nh4 Rf7 10. Be3 Bf8 11. Kh1 Nb6 12. Na5 Na4 13. Qe1 Qe8 {1-0 (52) Robson,R (2645)-Zherebukh,Y (2636) Columbus 2017}) 9. Nh4 g6 10. Be3 Bxe3 11. fxe3 Ne6 12. Qg4 Nd4 13. Qd1 Ne6 14. Qd2 O-O 15. Rf3 Qe7 16. Raf1 Ng5 17. Rg3 Kg7 18. Qc3 c5 19. a3 b6 20. Nd2 (20. Nf5+ $5 gxf5 21. h4 $11) 20... a5 {Precision: White = 39%, Black = 38%.} 1/2-1/2

[Event "BL 2018-19"]
[Site "Berlin"]
[Date "2019.03.09"]
[Round "12"]
[White "Moiseenko, Alexander"]
[Black "Blohberger, Felix"]
[Result "1-0"]
[WhiteElo "2648"]
[BlackElo "2434"]
[Annotator "TA"]
[PlyCount "75"]
[EventDate "2018.11.10"]
[EventType "team-tourn"]
[EventCountry "GER"]
[SourceTitle "playchess.com"]
[Source "ChessBase"]
[SourceQuality "1"]
[WhiteTeam "Hockenheim"]
[BlackTeam "SF Berlin"]

{[%evp 16,75,13,19,41,35,27,17,47,54,54,39,50,33,40,52,83,48,88,61,79,64,71,76,71,67,71,54,54,54,47,40,40,0,0,0,0,-14,0,0,0,-137,37,50,49,0,0,0,0,0,204,214,612,585,629,616,752,738,815,777,827,818]} 1. d4 Nf6 2. c4 e6 3. Nc3 Bb4 4. Nf3 b6 5. e3 Bb7 6. Bd3 O-O 7. O-O Bxc3 8. bxc3 Be4 9. Be2 Nc6 {E43: Nimzo-Indian: Rubinstein: 4...b6} (9... d6 10. Ng5 Bb7 11. f3 c5 12. e4 Nbd7 13. Be3 Qe7 14. Qd2 h6 15. Nh3 Rad8 16. a4 cxd4 17. cxd4 {1-0 (25) Caruana,F (2802)-Hou,Y (2652) chess.com INT 2017}) 10. Nd2 Bg6 11. f3 d6 $146 {The position is equal.} ({Predecessor:} 11... d5 12. Nb3 Re8 13. Bd2 Ne7 14. Qc1 Nf5 15. Be1 e5 16. cxd5 Nxd5 17. e4 {1-0 (41) Lund,S (2290)-Sjoberg,M (2393) Sweden 2005}) 12. e4 Ne7 13. g4 e5 14. Rf2 c5 15. h4 h6 16. d5 Bh7 17. Nf1 Ng6 18. h5 Nf4 19. Bxf4 exf4 20. Qc1 g5 $1 21. hxg6 $1 fxg6 22. Qxf4 Nxd5 $1 23. Qxh6 Nf4 $1 24. Ng3 Qf6 25. Rc1 $40 {[%mdl 128] Black needs to defend precisely.} Qe5 26. Kh1 Rf7 {Hoping for ...g5.} 27. Rh2 Re8 28. Bf1 {[#]} (28. Rc2 $11 {keeps the balance.}) 28... g5 $2 (28... Re6 $1 $17 {White must now prevent ...g5.} 29. g5 Ree7) 29. Nf5 $1 $14 Bxf5 30. gxf5 {Strongly threatening Rd1.} (30. exf5 $5 {[%cal Rc1e1]} Qg7 31. Qxd6 $14) 30... Ree7 $1 31. Rd1 Rh7 32. Qxg5+ Rhg7 $2 (32... Reg7 $1 $11 {and Black is okay.} 33. Qd8+ {[%mdl 64] Double Attack} Kf7 34. Qd7+ (34. Qxd6 Nd3 $11) 34... Kf8 35. Qc8+ (35. Rxh7 Rxd7 36. Rxd7 Qxc3 $11) (35. Qxd6+ Qxd6 36. Rxd6 Nh5 $11) 35... Kf7) 33. Qh6 $18 Rh7 $2 (33... d5 34. Bh3 (34. cxd5 Rh7 $11) 34... Ref7) 34. Qxd6 {White is clearly winning.} Rxh2+ 35. Kxh2 Rh7+ 36. Kg3 Ne2+ 37. Kf2 {[#] Threatening mate with Qd8+.} Rh2+ 38. Bg2 {Accuracy: White = 66%, Black = 47%.} 1-0

[Event "BL 2018-19"]
[Site "Berlin"]
[Date "2019.03.09"]
[Round "12"]
[White "Baramidze, David"]
[Black "Thiede, Lars"]
[Result "*"]
[WhiteElo "2614"]
[BlackElo "2411"]
[Annotator "TA"]
[PlyCount "60"]
[EventDate "2018.11.10"]
[EventType "team-tourn"]
[EventCountry "GER"]
[SourceTitle "playchess.com"]
[Source "ChessBase"]
[SourceQuality "1"]
[WhiteTeam "Hockenheim"]
[BlackTeam "SF Berlin"]

{[%evp 14,60,65,50,67,37,31,33,41,37,35,22,38,23,38,23,31,18,43,0,0,0,16,2,13,0,0,0,0,-24,-14,-19,66,70,71,68,76,16,26,18,112,109,134,119,146,133,331,316,305]} 1. e4 d6 2. d4 Nf6 3. Nc3 e5 4. Nf3 Nc6 5. Bb5 Bd7 6. Bxc6 Bxc6 7. Qd3 exd4 8. Nxd4 g6 {C62: Ruy Lopez: Steinitz Defence} (8... Nd7 9. Nxc6 bxc6 10. Qa6 Nb6 11. Qb7 Kd7 12. Qa6 Be7 13. a4 Bf6 14. a5 Nc8 15. O-O Re8 16. Qd3 {1-0 (33) Grischuk,A (2756)-Ivanov,A (2481) Dagomys 2010}) 9. Nxc6 bxc6 10. Qa6 Qd7 {White is slightly better.} 11. Qb7 Rc8 12. Qxa7 Bg7 13. O-O O-O 14. f3 Ra8 15. Qf2 Rfb8 $146 ({Predecessor:} 15... Qe6 16. Be3 {½-½ (50) Lasker,E-Santasiere,A Lake Hopatcong 1923}) 16. Rd1 Qe6 17. Qe1 Qe5 18. Rb1 d5 19. f4 Qe7 {[%cal Rf6e4]} 20. e5 Ng4 {[#] White must now prevent ...Qc5+.} 21. Qg3 Qc5+ 22. Kf1 d4 (22... Nh6 $11) 23. Qxg4 $14 dxc3 24. Qe2 $36 {[%mdl 2048] Black is under pressure.} Rxa2 {[%cal Rc3b2]} 25. b3 ({Better is} 25. Be3 $16 Qa5 26. bxc3 Rxb1 27. Rxb1) 25... Qb5 $11 26. Rd3 Qa5 (26... f6 $1 $11) 27. Be3 $16 c5 28. Rd7 Bf8 29. Rc1 c4 $2 (29... c6 $16 {might work better.} 30. Qg4 Re8) 30. Qxc4 $18 {[%mdl 64] [#] Double Attack} Qb5 {Accuracy: White = 55%, Black = 43%.} *

[Event "BL 2018-19"]
[Site "Berlin"]
[Date "2019.03.10"]
[Round "12"]
[White "Maze, Sebastien"]
[Black "Nisipeanu, Liviu-Dieter"]
[Result "1/2-1/2"]
[WhiteElo "2602"]
[BlackElo "2674"]
[Annotator "TA"]
[PlyCount "30"]
[EventDate "2018.11.10"]
[EventType "team-tourn"]
[EventCountry "GER"]
[SourceTitle "playchess.com"]
[Source "ChessBase"]
[SourceQuality "1"]
[WhiteTeam "Viernheim"]
[BlackTeam "Dresden"]

{[%evp 19,22,0,0,-23,-1]} 1. e4 e6 2. d4 d5 3. Nc3 Nf6 4. Bg5 Be7 5. e5 Nfd7 6. h4 h6 7. Bxe7 Qxe7 8. Nb5 {C14: French: Classical System: 4 Bg5 Be7 main line} (8. Qg4 O-O 9. f4 a6 10. Nf3 c5 11. O-O-O Nc6 12. Rh3 cxd4 13. Nxd4 Nxd4 14. Rxd4 f6 15. exf6 Qxf6 16. Qd1 {½-½ (61) Amonatov,F (2614)-Levin,E (2516) St Petersburg 2018}) 8... Nb6 9. c3 a6 10. Na3 c5 {LiveBook: 3 Games} 11. Nc2 Nc6 {Predecessor:} 12. Nf3 $146 cxd4 13. cxd4 f6 14. exf6 Qxf6 15. Qd2 O-O {0-1 (36) Agrinsky,V (2175)-Gusev,Y (2310) Moscow 1998} 1/2-1/2

[Event "BL 2018-19"]
[Site "Berlin"]
[Date "2019.03.09"]
[Round "12"]
[White "Gajewski, Grzegorz"]
[Black "Fedorchuk, Sergey A."]
[Result "1/2-1/2"]
[WhiteElo "2595"]
[BlackElo "2611"]
[Annotator "ChessBase"]
[PlyCount "41"]
[EventDate "2018.11.10"]
[EventType "team-tourn"]
[EventCountry "GER"]
[SourceTitle "playchess.com"]
[Source "ChessBase"]
[SourceQuality "1"]
[WhiteTeam "Dresden"]
[BlackTeam "Viernheim"]
[TimeControl "40/6000+30:3000+30"]

1. e4 {[%emt 0:00:00]} e6 {[%emt 0:00:00]} 2. d4 {[%emt 0:00:00]} d5 {[%emt 0:00:00]} 3. Nc3 {[%emt 0:00:08]} Nf6 {[%emt 0:00:00]} 4. Bg5 {[%emt 0:00:13]} Be7 {[%emt 0:00:47]} 5. e5 {[%emt 0:00:10]} Nfd7 {[%emt 0:00:05]} 6. h4 {[%emt 0:00:34]} h6 {[%emt 0:05:55]} 7. Bxe7 {[%emt 0:00:04]} Qxe7 {[%emt 0:00:03]} 8. Nb5 {[%emt 0:02:50]} Nb6 {[%emt 0:01:35]} 9. c3 {[%emt 0:00:18]} a6 {[%emt 0:02:20]} 10. Na3 {[%emt 0:00:03]} c5 {[%emt 0:00:41]} 11. Nc2 {[%emt 0:10:34]} Nc6 {[%emt 0:08:27]} 12. Ne2 {[%emt 0:06:08]} Bd7 {[%emt 0:11:22]} 13. Nf4 {[%emt 0:00:54]} O-O-O {[%emt 0:14:20]} 14. g3 {[%emt 0:16:25]} Kb8 {[%emt 0:04:12]} 15. Nd3 {[%emt 0:05:19]} Na4 {[%emt 0:04:20]} 16. Rb1 {[%emt 0:04:13]} f6 {[%emt 0:01:31]} 17. exf6 {[%emt 0:09:05]} Qxf6 {[%emt 0:03:51]} 18. dxc5 {[%emt 0:12:40]} d4 {[%emt 0:09:00]} 19. Bg2 {[%emt 0:00:56]} dxc3 {[%emt 0:00:09]} 20. Ne3 {[%emt 0:00:25]} c2 {[%emt 0:09:45]} 21. Nxc2 {[%emt 0:03:25]} 1/2-1/2

[Event "BL 2018-19"]
[Site "Berlin"]
[Date "2019.03.09"]
[Round "12"]
[White "Wagner, Dennis"]
[Black "Schmidek, Emil"]
[Result "*"]
[WhiteElo "2576"]
[BlackElo "2387"]
[Annotator "ChessBase"]
[PlyCount "129"]
[EventDate "2018.11.10"]
[EventType "team-tourn"]
[EventCountry "GER"]
[SourceTitle "playchess.com"]
[Source "ChessBase"]
[SourceQuality "1"]
[WhiteTeam "Hockenheim"]
[BlackTeam "SF Berlin"]
[TimeControl "40/6000+30:3000+30"]

1. e4 {[%emt 0:11:41]} c5 {[%emt 0:09:34]} 2. Nf3 {[%emt 0:00:05]} d6 {[%emt 0:00:08]} 3. d4 {[%emt 0:00:19]} cxd4 {[%emt 0:00:06]} 4. Nxd4 {[%emt 0:00:02]} Nf6 {[%emt 0:00:07]} 5. Nc3 {[%emt 0:00:13]} Bd7 {[%emt 0:00:09]} 6. Bc4 {[%emt 0:06:30]} e6 {[%emt 0:00:44]} 7. Bb3 {[%emt 0:00:53]} Na6 {[%emt 0:18:59]} 8. g4 {[%emt 0:07:35]} Nc5 {[%emt 0:00:58]} 9. Qe2 {[%emt 0:03:34]} Bc6 {[%emt 0:13:03]} 10. f3 {[%emt 0:06:55]} Be7 {[%emt 0:11:21]} 11. Be3 {[%emt 0:06:17]} Nfd7 {[%emt 0:14:36]} 12. O-O-O {[%emt 0:05:48]} Nxb3+ {[%emt 0:12:33]} 13. axb3 {[%emt 0:04:28]} Qa5 {[%emt 0:05:46]} 14. Kb1 {[%emt 0:02:40]} a6 {[%emt 0:10:34]} 15. h4 {[%emt 0:06:24]} h5 {[%emt 0:02:32]} 16. g5 {[%emt 0:01:55]} g6 {[%emt 0:00:16]} 17. f4 {[%emt 0:03:28]} Nc5 {[%emt 0:01:27]} 18. Rhe1 {[%emt 0:10:04]} O-O {[%emt 0:04:02]} 19. f5 {[%emt 0:02:11]} Rfe8 {[%emt 0:01:31]} 20. Bd2 {[%emt 0:09:50]} exf5 {[%emt 0:00:26]} 21. Qf2 {[%emt 0:04:55]} Qc7 {[%emt 0:00:27]} 22. exf5 {[%emt 0:01:52]} Bf8 {[%emt 0:00:02]} 23. Nxc6 {[%emt 0:02:57]} bxc6 {[%emt 0:00:05]} 24. b4 {[%emt 0:02:01]} Nd7 {[%emt 0:00:12]} 25. Ne4 {[%emt 0:00:53]} d5 {[%emt 0:00:56]} 26. Nf6+ {[%emt 0:01:57]} Nxf6 {[%emt 0:00:03]} 27. gxf6 {[%emt 0:00:05]} Kh7 {[%emt 0:00:30]} 28. Qg2 {[%emt 0:03:22]} Qd7 {[%emt 0:00:34]} 29. fxg6+ {[%emt 0:02:44]} fxg6 {[%emt 0:00:02]} 30. Rg1 {[%emt 0:00:20]} Qf7 {[%emt 0:00:09]} 31. Bc3 {[%emt 0:01:22]} Re4 {[%emt 0:00:19]} 32. Rde1 {[%emt 0:00:59]} Rae8 {[%emt 0:00:19]} 33. Qf2 {[%emt 0:01:18]} R8e6 {[%emt 0:00:49]} 34. Rxe4 {[%emt 0:00:32]} dxe4 {[%emt 0:01:33]} 35. Qd4 {[%emt 0:00:38]} Bh6 {[%emt 0:00:40]} 36. Re1 {[%emt 0:00:21]} e3 {[%emt 0:00:22]} 37. Qd3 {[%emt 0:00:22]} Qb7 {[%emt 0:01:01]} 38. Qd8 {[%emt 0:00:50]} Qf7 {[%emt 0:00:17]} 39. Qd3 {[%emt 0:00:16]} Qb7 {[%emt 0:01:15]} 40. Rg1 {[%emt 0:00:23]} Qf7 {[%emt 0:00:03]} 41. Rxg6 {[%emt 0:25:48]} Qxg6 {[%emt 0:24:01]} 42. Qd7+ {[%emt 0:01:12]} Kg8 {[%emt 0:00:50]} 43. Qxe6+ {[%emt 0:00:05]} Qf7 {[%emt 0:00:10]} 44. Qxc6 {[%emt 0:00:24]} Bf8 {[%emt 0:09:34]} 45. Qxa6 {[%emt 0:04:12]} Qd5 {[%emt 0:00:36]} 46. Qa2 {[%emt 0:07:51]} Qxa2+ {[%emt 0:03:08]} 47. Kxa2 {[%emt 0:00:02]} Bd6 {[%emt 0:00:11]} 48. Be1 {[%emt 0:00:12]} Kf7 {[%emt 0:01:29]} 49. Kb3 {[%emt 0:03:38]} Kxf6 {[%emt 0:00:14]} 50. Kc4 {[%emt 0:01:27]} Kf5 {[%emt 0:00:25]} 51. Kd3 {[%emt 0:00:21]} Kf4 {[%emt 0:01:04]} 52. c4 {[%emt 0:01:13]} Kf3 {[%emt 0:01:54]} 53. c5 {[%emt 0:00:27]} Be7 {[%emt 0:02:56]} 54. b3 {[%emt 0:02:54]} e2 {[%emt 0:03:38]} 55. c6 {[%emt 0:00:52]} Bd6 {[%emt 0:00:19]} 56. b5 {[%emt 0:00:27]} Bc7 {[%emt 0:00:14]} 57. Kd4 {[%emt 0:02:48]} Bg3 {[%emt 0:06:34]} 58. Bb4 {[%emt 0:01:19]} Bd6 {[%emt 0:00:46]} 59. Bc3 {[%emt 0:00:43]} Bc7 {[%emt 0:00:27]} 60. Kd5 {[%emt 0:01:02]} Kf2 {[%emt 0:01:22]} 61. Kc5 {[%emt 0:02:24]} Be5 {[%emt 0:00:56]} 62. Ba5 {[%emt 0:00:04]} Ke3 {[%emt 0:00:34]} 63. b6 {[%emt 0:00:21]} Bd4+ {[%emt 0:00:43]} 64. Kb5 {[%emt 0:00:22]} Kd3 {[%emt 0:00:40]} 65. c7 {[%emt 0:00:11]} *

[Event "BL 2018-19"]
[Site "Berlin"]
[Date "2019.03.09"]
[Round "12"]
[White "Baldauf, Marco"]
[Black "Karpov, Anatoly"]
[Result "*"]
[WhiteElo "2470"]
[BlackElo "2623"]
[Annotator "TA"]
[PlyCount "58"]
[EventDate "2018.11.10"]
[EventType "team-tourn"]
[EventCountry "GER"]
[SourceTitle "playchess.com"]
[Source "ChessBase"]
[SourceQuality "1"]
[WhiteTeam "SF Berlin"]
[BlackTeam "Hockenheim"]

{[%evp 12,58,43,26,37,18,29,4,25,20,32,0,9,0,11,0,0,0,0,0,0,-6,0,0,-12,-14,0,-8,0,-22,-22,-27,-18,-16,-9,-53,19,21,27,-6,0,0,0,0,13,-8,0,0,4]} 1. d4 Nf6 2. c4 e6 3. Nc3 Bb4 4. Qc2 c5 5. dxc5 Bxc5 6. Bf4 Nc6 7. Nf3 Qa5 {E38: Nimzo-Indian: Classical: 4...c5} (7... O-O 8. e3 b6 9. a3 Bb7 10. Rd1 Nh5 11. Bg3 Be7 12. Qd3 Nf6 13. Be2 a6 14. Ng5 Ra7 15. h4 h6 16. Nge4 Nxe4 17. Nxe4 {½-½ (38) Mamedyarov,S (2757)-Kamsky,G (2721) Beijing 2013}) 8. e3 Bb4 $146 ({Predecessor:} 8... d5 9. Rd1 Bb4 10. a3 Bxc3+ 11. Qxc3 Qxc3+ 12. bxc3 Bd7 13. Ne5 Rd8 14. Be2 Nxe5 15. Bxe5 dxc4 16. Bxc4 {½-½ (25) Georgiev,K (2515)-Xu,J (2505) Thessaloniki 1988}) 9. Bd3 h6 10. O-O {[#] Black must now prevent Nb5.} e5 11. Bg3 (11. Nxe5 $5 Nxe5 12. Nb5 $15) 11... Bxc3 $1 12. bxc3 ({But not} 12. Qxc3 $2 Qxc3 13. bxc3 e4 $19) 12... d6 13. Rab1 O-O 14. Nd2 Qc7 15. f4 Nd7 16. f5 Ne7 17. Be4 Nf6 18. Bd3 $1 Kh8 19. Bh4 {Threatens to win with Bxf6.} Neg8 $1 20. e4 b6 21. Rf3 Ba6 22. Kh1 Nd7 23. g4 f6 (23... g5 $1 $15 24. fxg6 fxg6) 24. Bf2 $11 Nc5 25. Bf1 (25. Bxc5 $5 dxc5 26. Nf1 $15) 25... Rac8 {The position is equal.} 26. h4 Qd7 27. Kg1 Rc7 28. Rb4 Rfc8 29. Rg3 Nb7 {Accuracy: White = 48%, Black = 57%.} *

[Event "BL 2018-19"]
[Site "Berlin"]
[Date "2019.03.09"]
[Round "12"]
[White "Abel, Dennes"]
[Black "Ponomariov, Ruslan"]
[Result "0-1"]
[WhiteElo "2465"]
[BlackElo "2665"]
[Annotator "ChessBase"]
[PlyCount "40"]
[EventDate "2018.11.10"]
[EventType "team-tourn"]
[EventCountry "GER"]
[SourceTitle "playchess.com"]
[Source "ChessBase"]
[SourceQuality "1"]
[WhiteTeam "SF Berlin"]
[BlackTeam "Hockenheim"]
[TimeControl "40/6000+30:3000+30"]

1. d4 {[%emt 0:00:00]} Nf6 {[%emt 0:00:00]} 2. c4 {[%emt 0:00:00]} c5 {[%emt 0:00:01]} 3. Nf3 {[%emt 0:00:26]} cxd4 {[%emt 0:00:45]} 4. Nxd4 {[%emt 0:00:12]} e5 {[%emt 0:00:18]} 5. Nb5 {[%emt 0:00:33]} d5 {[%emt 0:00:14]} 6. cxd5 {[%emt 0:00:08]} Bc5 {[%emt 0:00:10]} 7. N5c3 {[%emt 0:04:06]} O-O {[%emt 0:00:43]} 8. g3 {[%emt 0:01:51]} Ng4 {[%emt 0:03:22]} 9. e3 {[%emt 0:03:45]} f5 {[%emt 0:00:51]} 10. Be2 {[%emt 0:12:50]} Nh6 {[%emt 0:06:54]} 11. Nd2 {[%emt 0:06:20]} Nd7 {[%emt 0:03:34]} 12. Nb3 {[%emt 0:05:21]} Bd6 {[%emt 0:05:38]} 13. e4 {[%emt 0:11:19]} f4 {[%emt 0:04:42]} 14. f3 {[%emt 0:03:30]} a6 {[%emt 0:05:08]} 15. Qd3 {[%emt 0:03:59]} Nf6 {[%emt 0:04:25]} 16. g4 {[%emt 0:14:13]} Nf7 {[%emt 0:12:07]} 17. Bd2 {[%emt 0:04:45]} Bd7 {[%emt 0:03:13]} 18. O-O-O {[%emt 0:03:02]} b5 {[%emt 0:01:20]} 19. a3 {[%emt 0:02:32]} Qb6 {[%emt 0:03:54]} 20. Na2 {[%emt 0:05:16]} a5 {[%emt 0:03:11]} 0-1